Estatísticas para Jogadores de CS:GO brasileiros que já foram Legends

Clique aqui para jogar o quiz

Estatísticas Gerais

  • Esse quiz foi jogado 47 vezes
  • A pontuação média é 15 de 19

Estatísticas das Respostas

OrganizaçãoPlayer% Correto
Keyd Stars, Luminosity Gaming, SK Gaming, MIBR, Team LiquidFalleN
100%
Keyd Stars, Luminosity Gaming, Immortalsboltz
95%
Luminosity Gaming, SK Gaming, MIBRcoldzera
95%
Keyd Stars, Luminosity Gaming, SK Gaming, MIBRfer
93%
Luminosity Gaming, SK Gamingfnx
90%
FÚRIAKSCERATO
90%
Luminosity Gaming, SK Gaming, MIBR, Team LiquidTACO
90%
FÚRIAarT
85%
Immortals, MIBRLUCAS1
85%
FÚRIAVINI
83%
ImmortalsHEN1
80%
FÚRIAyuurih
80%
FÚRIAdrop
73%
SK Gaming, MIBRfelps
73%
FÚRIAsaffee
73%
Keyd Stars, Luminosity Gaming, Immortalssteel
60%
ImmortalskNgV
58%
MIBRzews
43%
Keyd Starszqk
40%

Distribuição das Pontuações

Percentil de Números Respondidos

Porcentagem de Pessoas com Cada Pontuação

Sua Pontuação Histórica

Você não jogou esse quiz